000 00459cam a2200145 4500
001 J119380
008 020816n1971 000 0 eng u
035 _a(Sirsi) u119380
050 _a348.41047
110 _aIncoporated Council of Law Reporting for England and Wales
245 4 _aThe law reports, weekly law reports and restrictive pratices reports consolidated index 1961-1970
260 _aLondon
_bICLR
_c1971
300 _a831p.
_c24cm.
942 _n0
999 _c102305
_d102305